000 01281nam a2200373 i 4500
001 13333
003 KOSZ 005
005 20191011094000.0
008 070822s1970 pl f f 000 0 pol
015 _aPB 1970/10204
040 _aWA N
_cWA N
_dKOSZ 005/KK
_dKOSZ 005/HR
046 _k1964
080 _a658.2
080 _a330.322.2
100 1 _aSmoliński, Stanisław
_d(1916-1994).
_eAutor.
245 1 0 _aGospodarka środkami pracy w przemyśle /
_cStanisław Smoliński.
250 _aWydanie 2.
260 _aWarszawa :
_bPaństwowe Wydawnictwo Ekonomiczne,
_c1970.
300 _a113, [3] strony ;
_c18 cm.
336 _aTekst
_btxt
_2rdacontent
337 _aBez urządzenia pośredniczącego
_bn
_2rdamedia
338 _aWolumin
_bnc
_2rdacarrier
380 _aKsiążki.
388 _a1901-2000
388 _a1945-1989
490 1 _aProblemy Ekonomiki Przemysłu.
504 _aBibliografia na stronach 112-[114].
658 _aGospodarka, ekonomia, finanse
650 4 _aŚrodki trwałe
710 2 _aPaństwowe Wydawnictwo Ekonomiczne
_4pbl.
830 0 _aProblemy Ekonomiki Przemysłu.
856 _uhttp://koha.tu.koszalin.pl/cgi-bin/koha/opac-detail.pl?biblionumber=13333
_yKatalog online BPK
942 _2UKD
_cKS
999 _c13333
_d13333